LDR 01220nam a2200265 i 4500 001 000000018349 003 CaOOAMICUS 005 20260423115855.0 008 180830s1980 sp u000 u spa u 040 $aSeMil$bita 245 10$aProfetas /$cintroducciones y comentario por L. Alonso Schökel y J. L. Sicre Diaz con la colaboración de S. Breton y E. Zurro. 264 1$aMadrid :$bEdicione Cristiandad,$c1980. 300 $a2 v. ;$c24 cm. 490 1 $aNueva Biblia española 700 1 $aZurro Rodríguez, Eduardo <1934- >.$0(OLS)http://semarc/name/90026 700 1 $aSicre Diaz, José Louis,$d<1940- >.$0(OLS)http://semarc/name/115490 700 1 $aAlonso Schökel, Luis,$c
.$0(OLS)http://semarc/name/1443 774 0 $tIsaias ; Jeremias.$z84-7057-273-3$g1$w()164220 774 0 $tEzequiel ; Doce profetas menores ; Daniel ; Baruc ; Carta de Jeremias.$z84-7057-274-1$g2$w()164221 830 0$aNueva Biblia española.$0(OLS)http://semarc/title/24177 900 1 $aSicre, José Luis. 996 $6245$aProfetas$9(OLS)http://semarc/title/24180 996 $6264$aMadrid :$bEdicione Cristiandad$9(OLS)http://semarc/publisher/63020